000 01264naa a22003497a 4500
001 BR7803041
003 BR-BrBNA
005 20240918174102.0
007 ta
008 230509b bl.||||| |||| 00| 0 por d
040 _aBR-BrBNA
_bpor
_cBiblioteca Nacional de Agricultura
041 _a(Pt)
072 _aF00
_b0120
_b0336
_bG514
090 _aF00 BR7803041
100 1 _aSilva, L.C.M.
100 1 _aBresolin, M.
100 1 _aDavid, Y.K.
100 1 _aBarn, V.
100 1 _aGuadagnin, J.P.
100 1 _aOliveira, O.
111 1 _a22. Reuniao Tecnica Anual do Milho e 6. do Sorgo Granifero
_cPorto Alegre, RS (Brazil)
_dAug 1977
245 1 _aConsorciacao entre cultivares de milho de partes diferentes e soja [Zea mays, Glycine max, Brasil]
260 3 _aPorto Alegre, RS (Brasil):
_c1977.
500 _aAta do 22. Reuniao Tecnica Anual do Milho e 6. do Sorgo Granifero Porto Alegre, RS (Brasil): 1977. p. 32-38 (BR7803041-AM)F00
650 _aMILHO
650 _aSOJA
650 _aCONSORCIACAO DE CULTURA
650 _aRENDIMENTO
773 0 _tAta do 22. Reuniao Tecnica Anual do Milho e 6. do Sorgo Granifero
_wF00 BR7803041
_gPorto Alegre, RS (Brasil), 1977. p. 32-38
909 _a202404
_bLucia
_c55
_dLucia Elande
942 _cAM
_2AGRIS
999 _c308820
_d308820